Statistics for Every NBA Teams Best Defense Ever

Click here to take the quiz!

General Stats

  • This quiz has been taken 13 times
  • The average score is 27 of 30

Answer Stats

TeamRTGYear% Correct
Pelicans-2.32023
100%
Lakers-7.61952
91%
Warriors-61964
91%
Celtics-10.81964
91%
76ers-5.61968
91%
Wizards-6.41975
91%
Nets-5.81983
91%
Jazz-6.31989
91%
Knicks-8.31993
91%
Nuggets-41994
91%
Thunder-5.51996
91%
Heat-6.11997
91%
Cavaliers-5.91998
91%
Hawks-5.11999
91%
Trailblazers-4.51999
91%
Kings-4.52003
91%
Spurs-8.82004
91%
Pistons-7.52004
91%
Timberwolves-3.22004
91%
Mavericks-3.32007
91%
Rockets-5.92008
91%
Magic-6.42009
91%
Hornets-4.82010
91%
Bulls-72011
91%
Grizzlies-5.62013
91%
Pacers-7.42014
91%
Raptors-5.62020
91%
Bucks-7.72020
91%
Clippers-3.51992
82%
Suns-6.11981
73%

Score Distribution

Percentile by Number Answered

Percent of People with Each Score

Your Score History

You have not taken this quiz